00459 2200157 4500245010700000020002200107250001000129100001900139650002300158005001900181260004200200041001400242084000800256300002800264336000900292 aCOVID-19 b : Merekam Jejak Perjalanan Indonesia Bangkit dari Serangan COVID-19cAhmad BaidhowihText a978-623-346-750-6 aCet.1 aAhmad Baidhowi aPengetahuan Sosial a20241017084755 aJakartabKompas Media Nusantarac2023 aIndonesia a904 aviii, 248 hlm. :cilus. atext